All confirmed Super Smash Bros. Fighters - Statistics

General Stats
  • This quiz has been taken 80 times
    29 since last reset
  • The average score is 66 of 89
Answer Stats
Series Fighter % Correct
Mario Mario
100%
Mario Peach
95%
DK Diddy Kong
90%
DK Donkey Kong
90%
Ice Climber Ice Climbers
90%
Kirby Kirby
90%
Pokémon Pikachu
90%
Metroid Samus
90%
Sonic the Hedgehog Sonic
90%
WarioWare Wario
90%
Yoshi's Island Yoshi
90%
Zelda Zelda
90%
Mario Bowser
86%
Pokémon Charizard
86%
Mario Daisy
86%
Star Fox Fox
86%
Zelda Ganondorf
86%
Street Fighter Ken
86%
Zelda Link
86%
Mario Luigi
86%
Earthbound Ness
86%
Pac-Man Pac-Man
86%
Bayonetta Bayonetta
81%
F-Zero Captain Falcon
81%
Star Fox Falco
81%
Pokémon Jigglypuff
81%
Kirby King Dedede
81%
MegaMan Mega Man
81%
Pokémon Mewtwo
81%
Game and Watch Mr. Game and Watch
81%
Pokémon Pichu
81%
NES R.O.B.
81%
Mario Rosalina and Luma
81%
Zelda Sheik
81%
Metalgear Solid Solid Snake
81%
Star Fox Wolf
81%
Splatoon Inkling
76%
Pokémon Lucario
76%
Earthbound Lucas
76%
Fire Emblem Marth
76%
Pikmin Olimar
76%
Metroid Ridley
76%
Zelda Toon Link
76%
Wii Fit Wii Fit Trainer
76%
Metroid Zero Suit Samus
76%
Mario Bowser Jr.
71%
Final Fantasy Cloud
71%
Kid Icarus Dark Pit
71%
Mario Dr. Mario
71%
Duck Hunt Duck Hunt Duo
71%
Fire Emblem Ike
71%
Animal Crossing Isabelle
71%
DK King K. Rool
71%
Punch Out Little Mac
71%
Kirby Meta Knight
71%
Kid Icarus Pit
71%
Street Fighter Ryu
71%
Pokémon Squirtle
71%
Minecraft Steve
71%
Animal Crossing Villager
71%
Banjo-Kazooie Banjo-Kazooie
67%
Metroid Dark Samus
67%
Pokémon Greninja
67%
Pokémon Incineroar
67%
Pokémon Ivysaur
67%
Kid Icarus Palutena
67%
Mario Piranha Plant
67%
Fire Emblem Robin
67%
Fire Emblem Roy
67%
Castlevania Simon Belmont
67%
Kingdom Hearts Sora
67%
Fire Emblem Chrom
62%
Persona Joker
62%
Fire Emblem Lucina
62%
Castlevania Richter Belmont
62%
Xenoblade Chronicles Shulk
62%
DragonQuest The Hero
62%
Zelda Young Link
62%
Tekken Kazuya
57%
Mii Mii Gunner
57%
Xenoblade Chronicles Pyra
57%
Fire Emblem Byleth
52%
Fire Emblem Corrin
52%
Mii Mii Brawler
52%
Mii Mii Swordfighter
52%
ARMS Min-Min
52%
Xenoblade Chronicles Mythra
52%
Final Fantasy Sephiroth
52%
Fatal Fury/King of Fighters Terry Bogard
52%
No matching quizzes found
Score Distribution
Percent of People with Each Score
Percentile by Number Answered
Your Score History
You have not taken this quiz since the last reset